|
|
|
|
| LEADER |
01055nam a2200265 a 4500 |
| 001 |
009409646 |
| 008 |
120627s2001 enka 000 0 eng d |
| 020 |
|
|
|a 0521007054
|
| 020 |
|
|
|a 9780521007054
|
| 040 |
|
|
|a Uk
|c Uk
|d BD-DhAAL
|d BD-DhAAL
|
| 082 |
0 |
4 |
|a 428.6
|2 20
|
| 100 |
1 |
|
|a Brown, Richard,
|d 1950-
|
| 245 |
1 |
0 |
|a Looking for dragons /
|c Richard Brown and Kate Ruttle ; illustrated by Jan Lewis.
|
| 260 |
|
|
|a Cambridge :
|b Cambridge University Press,
|c c2001.
|
| 300 |
|
|
|a 8p. :
|b chiefly col. ill. ;
|c 17cm.
|
| 490 |
0 |
|
|a Cambridge storybooks
|
| 500 |
|
|
|a Cover title.
|
| 541 |
1 |
|
|e 00025457
|
| 650 |
|
0 |
|a Readers
|x Juvenile literature.
|
| 653 |
|
1 |
|a English language
|a Reading books
|
| 700 |
1 |
|
|a Ruttle, Kate.
|
| 700 |
1 |
|
|a Lewis, Jan,
|d 1956-
|
| 852 |
1 |
|
|a Ayesha Abed library
|c General Shelf
|
| 999 |
|
|
|c 12442
|d 12442
|
| 952 |
|
|
|0 0
|1 0
|2 ddc
|4 0
|6 428_600000000000000_BRO
|7 0
|9 20607
|a BRACUL
|b BRACUL
|c GEN
|d 2012-07-02
|e Karim International
|g 348.00
|l 3
|m 5
|o 428.6 BRO
|p 3010025457
|r 2026-04-01
|s 2026-02-24
|t 1
|w 2012-07-02
|y BK
|x Transferred from BIL to BRACUL on 06/06/22
|